| 000 | 00686cam a22002533a 4500 | ||
|---|---|---|---|
| 001 | 7018 | ||
| 003 | PGUSA | ||
| 005 | 20140828083139.0 | ||
| 008 | 041201s2004||||xxu|||||s|||||000 | eng d | ||
| 040 |
_aPGUSA _beng |
||
| 042 | _adc | ||
| 050 | 4 | _aPN | |
| 050 | 4 | _aPR | |
| 100 | 1 | _aStampoy, Pappity | |
| 245 | 1 | 2 |
_aA Collection of Scotch Proverbs _h[electronic resource] / _cPappity Stampoy |
| 260 |
_bProject Gutenberg, _c2004 |
||
| 506 | _aPublic domain in the USA. | ||
| 516 | _aElectronic text | ||
| 653 | _aProverbs, Scottish | ||
| 700 | 1 |
_aTaylor, Archer, _d1890-1973 |
|
| 830 | 0 |
_aProject Gutenberg _v7018 |
|
| 856 | 4 | 0 | _uhttp://www.gutenberg.org/ebooks/7018 |
| 942 | _cEB | ||
| 999 |
_c236338 _d236338 |
||